000 00310nam a22001457a 4500
008 230517b ||||| |||| 00| 0 eng d
020 _a9781119963233
041 _aeng
080 _a070
082 _a070
100 _a18
101 _aMK
245 _aTHE SOCIAL MEDIA MBA
_cHOLLOMAN.CH
942 _2udc
_cBK
999 _c59770
_d59770